| 000 | 00000nam##2200000za#4500 |
| 001 | 9.577609 |
| 003 | CaOODSP |
| 005 | 20210624185707 |
| 007 | cr ||||||||||| |
| 008 | 150406|1981||||xxc|||||o f|0| 0 eng|d |
| 022 | |a1488-5379 |
| 040 | |aCaOODSP|beng |
| 043 | |an-cn--- |
| 086 | 1 |aFs97-6/993E-PDF |
| 110 | 1 |aCanada. |bDepartment of Fisheries and Oceans. |
| 245 | 10|aSeasonal data on the microbial of four New Brunswick ponds, including a period of experimental spraying with Matacil / |h[electronic resource]|cby J.K. Elner and D.J. Wildish. |
| 260 | |aNanaimo - British Columbia : |bFisheries and Oceans Canada |c1981. |
| 300 | |a24p.|bfigs., references, tables |
| 490 | 1 |aCanadian technical report of fisheries and aquatic sciences|x1488-5379|vNo. 993 |
| 500 | |aOn t.p.: Pacific Biological Station, Nanaimo, British Columbia. The catalogue number and ISSN for the print edition appear in the PDF version. |
| 546 | |a(Résumé en français) |
| 590 | |a13-24-Supp|b2013-10-18 |
| 720 | 1 |aWildish, D. J. |
| 720 | 1 |aElner, J. K. |
| 830 | #0|aCanadian technical report of fisheries and aquatic sciences,|x1488-5379|vNo. 993|w(CaOODSP)9.504449 |
| 856 | 40|ahttp://publications.gc.ca|qPDF|s2072 KB|uhttps://publications.gc.ca/collections/collection_2013/mpo-dfo/Fs97-6-993-eng.pdf|yNo. 993 |